Ancillary income from rubber plantations (Record no. 49819)

MARC details
000 -LEADER
fixed length control field 00505nam a2200145Ia 4500
100 ## - MAIN ENTRY--AUTHOR NAME
Personal name Haridasan V.
245 #0 - TITLE STATEMENT
Title Ancillary income from rubber plantations
260 ## - PUBLICATION, DISTRIBUTION, ETC. (IMPRINT)
Name of publisher In: Natural rubber: Biology, cultivation and technology. (Eds. M.R. Sethuraj and N.M. Mathew). Elsevier Science Publishers, Amsterdam, pp. 561-567.
Year of publication 1992
650 ## - SUBJECT ADDED ENTRY--TOPICAL TERM
Topical Term Ancillary income
650 ## - SUBJECT ADDED ENTRY--TOPICAL TERM
Topical Term Rubber honey
650 ## - SUBJECT ADDED ENTRY--TOPICAL TERM
Topical Term Rubber seed oil
650 ## - SUBJECT ADDED ENTRY--TOPICAL TERM
Topical Term Rubber wood
942 ## - ADDED ENTRY ELEMENTS (KOHA)
Koha item type Bibliography STAF
Holdings
Withdrawn status Lost status Damaged status Not for loan Home library Current library Shelving location Date acquired Koha item type
      Bibliography RRII Library RRII Library Economics 09/04/2014 Bibliography STAF